000 01016cam a2200337Li 4500
001 87689
005 20230410142343.0
008 090928s2009 sp ab f 000 0 spa d
035 _a(OCoLC)ocn495408472
040 _aZWZ
_encafnor
_bfre
_cZWZ
020 _a9788420682594 (br)
020 _a8420682594 (br)
029 0 _aZWZ
_b136841066
035 _a(OCoLC)495408472
050 1 4 _aBX 1735
_bM385i 2009
082 0 0 _a272/.2/0946
049 _aGRAL
100 1 _aMartínez Millán, José.
245 1 3 _aLa Inquisición española /
_cJosé Martínez Millán.
260 _aMadrid :
_bAlianza Editorial,
_c2009.
300 _a460 p. ;
_c18 cm.
440 3 _aEl libro de Bolsillo. Historia ;
_v4266
650 0 _aInquisition
_zSpain.
650 4 _aInquisición
_zEspaña.
650 4 _aIglesia
_xHistoria
_zEspaña
_yEdad media, 500-1500.
650 7 _aInquisition
_zEspagne
_xHistoire.
_2ram
651 7 _aEspagne
_xHistoire religieuse.
_2ram
942 _2lcc
_cbk
946 _amfcruz
994 _aC0
_bDRFGD
999 _c94130
_d94130